| 000 | 01077nam a2200277Ia 4500 | ||
|---|---|---|---|
| 003 | OSt | ||
| 005 | 20221005110845.0 | ||
| 006 | a|||||r|||| 00| 0 | ||
| 007 | ta | ||
| 008 | 221004b |||||||| |||| 00| 0 hin d | ||
| 020 |
_a9788126730834 (hbk) _cINR 350.00 |
||
| 024 | _a43057 | ||
| 037 |
_bBR/7269, 16/02/2019, Rajkamal Prakashan Pvt. Ltd. _cTextual |
||
| 040 |
_aCRL _cCRL _bhin |
||
| 041 |
_2hin _ahin |
||
| 082 | _aO152,1N177:g, Q7 | ||
| 100 | _aत्रिपाठी, प्रभात, संपा. | ||
| 245 | 0 | _aमुक्तिबोध के उद्धरण | |
| 246 | _aMuktibodh ke uddharaṇa | ||
| 260 |
_aनई दिल्ली _bराजकमल प्रकाशन भारत _c2017 |
||
| 300 |
_a124पृ0 _ccm. |
||
| 650 | _a हिन्दी साहित्य | ||
| 650 | _aहिन्दी कविता | ||
| 942 |
_hO152,1N177:g, Q7 _cTEXL _2cc |
||
| 999 |
_c1020095 _d1020095 |
||